000 00764nam a2200241 i 4500
001 172677
003 ES-MaACL
005 20250824031154.0
007 t|
008 090819s1986 fr ||||1| fre d
020 _a2-13-039737-9
080 _a821.133.1-2"18"
100 1 _aBerthier, Patrick.
_9141170
245 1 3 _aLe théâtre au XIXe siècle /
_cPatrick Berthier.
250 _a1re éd.
260 _aParis :
_bPresses Universitaires de France,
_c1986.
300 _a128 p. ;
_c18 cm.
490 1 _aQue sais-je ? ;
_v2327
650 7 _aTeatro francés-
_yS.XIX-
_xHistoria y crítica
_2
_9174695
830 1 0 _aQue sais-je?
_v2327
_9180931
852 4 _aES-MaACL
_jE-12984
_z- Biblioteca Jacinto Martínez Lacalle
999 _c172677
_d172677